|
|
|
|
| LEADER |
00000nab a2200000 a 4500 |
| 001 |
vtls000004653 |
| 003 |
SK-MaSNL |
| 005 |
20260426102648.0 |
| 008 |
250422c1978 xo 0 slo |
| 015 |
|
|
|a SNBRB19rr/mm-uuuuu
|
| 035 |
|
|
|a CL0014746
|
| 035 |
|
|
|a (urnnbn)urn:nbn:sk:snk:ar-003y1f
|
| 035 |
|
|
|a (uuid)11fe9d2d-a017-4b3d-9b76-2f0a3ca2b7e6
|
| 035 |
|
|
|a urn:nbn:sk:snk-ab7u24
|
| 040 |
|
|
|a SNKBUCL
|b slo
|c SNKBUCL
|e AACR2
|
| 041 |
0 |
|
|a slo
|
| 044 |
|
|
|a xo
|c SK
|
| 080 |
|
|
|a 329.15(437)
|2 1981
|
| 100 |
1 |
|
|a Čierny, Ján,
|d 1922-2001
|4 aut
|9 52365
|
| 245 |
1 |
0 |
|a Plevza, V.: Trvalé hodnoty
|c J. Čierny ; V. Plevza
|
| 610 |
|
7 |
|a Komunistická strana Československa
|2 snkbucl
|9 32256
|
| 650 |
0 |
7 |
|a dejiny
|2 snkbucl
|9 3825
|
| 651 |
|
7 |
|a Československo
|2 snkbucl
|9 21376
|
| 655 |
|
7 |
|a články z novín a časopisov
|2 snkbucl
|9 267496
|
| 700 |
1 |
|
|a Plevza, Viliam,
|d 1934-
|4 aut
|9 194265
|
| 773 |
0 |
|
|t Historický časopis
|g Roč. 26, č. 3 (1978), s. 447-449
|
| 787 |
0 |
8 |
|i Rec.:
|a Plevza, Viliam, 1934-
|t Trvalé hodnoty
|d Bratislava : Pravda, 1976
|
| 850 |
|
|
|a Slovenská národná knižnica
|
| 852 |
|
|
|a Slovenská národná knižnica
|
| 954 |
|
|
|a odborná, vedecká literatúra pôvodná (slovenská)
|2 lita
|
| 958 |
|
|
|a article9
|
| 958 |
|
|
|a OND
|
| 958 |
|
|
|a EUIPO
|
| 992 |
|
|
|a RBX
|
| 999 |
|
|
|c 3262547
|d 3264477
|